| 000 | 02027cam a22005294i 4500 | ||
|---|---|---|---|
| 003 | PE-LiUPU | ||
| 005 | 20250731180130.0 | ||
| 008 | 150625s r 000 0 d | ||
| 020 | _a8431322187 | ||
| 035 | _a(Sirsi) i9788431322182 | ||
| 040 |
_aPE-LiUPU _bspa _cPE-LiUPU _erda |
||
| 049 | _aPRUA | ||
| 082 | 0 | 4 |
_a519.536591 _bP78 _221 |
| 100 | 1 |
_aPortilla, Idoia, _eautor. |
|
| 245 | 1 | 0 |
_aEstadística descriptiva para comunicadores : _baplicaciones a la publicidad y las relaciones públicas / _cIdoia Portilla. |
| 264 | 1 |
_aPamplona : _bEUNSA, _c2004. |
|
| 300 |
_a240 páginas : _bilustraciones, cuadros ; _c23 centímetros |
||
| 336 |
_atext _2rdacontent |
||
| 337 |
_aunmediated _2rdamedia |
||
| 338 |
_avolume _2rdacarrier |
||
| 490 | 0 | _aColección Comunicación | |
| 504 | _aIncluye referencias bibliográficas al final de cada Capítulo. | ||
| 505 | 0 | _aDatos y variables. -Conceptos matemáticos básicos. -Tablas estadísticas. -Técnicas de representación Gráfica. -Medidas de posición. -Medidas de dispersión. -Medidas de concentración y forma de la distribución. -Números índices. -Análisis bivariante. -Análisis multivariante. | |
| 526 | _aSEG44 | ||
| 526 | _aSEG26 | ||
| 526 | _aP159 | ||
| 526 | _aP155 | ||
| 526 | _aP154 | ||
| 526 | _aP153 | ||
| 526 | _aP150 | ||
| 526 | _aP100 | ||
| 526 | _aP31 | ||
| 526 | _aP30 | ||
| 526 | _aP26 | ||
| 526 | _aP25 | ||
| 526 | _aP24 | ||
| 526 | _aP22 | ||
| 526 | _aP15 | ||
| 526 | _aP10 | ||
| 541 | _g001-022801; | ||
| 650 | 0 | 4 | _aEstadística (Comunicaciones). |
| 942 |
_2ddc _cBOOK |
||
| 949 |
_a519.536591 P78 _wDEWEY _c1 _i55623 _lCCODEBUL1 _mBUL _p36.00 _r0 _sY _tBOOK _u2015-6-25 _xEDUCACION _PP07 _0COMPRA _o.STAFF. Colección General |
||
| 994 |
_aC0 _bPEPRU |
||
| 596 | _a1 | ||
| 999 |
_a519.536591 P78 _wDEWEY _c44485 _i55623 _f2021-11-5 _g4 _lCCODEBUL1 _mBUL _p36.00 _r0 _sN _tBOOK _u2015-6-25 _xBIBLIOTECA _PP07 _0COMPRA _o.STAFF. Colección General _d44485 |
||
| 980 |
_81 _gALBERTO SANCHEZ Responsable de Automatización |
||